000
00286nam a22001217a 4500
008
170830b xxu||||| |||| 00| 0 eng d
041
_a
eng
080
_a
070
100
_a
39
101
_a
MED
245
_a
EVERYTHING ANA ARGUMENT WITH READINGS
_c
LUNSFORD.A.A
942
_2
udc
_c
BK
999
_c
25558
_d
25558